Denzel Curry Albums - Statistics

General Stats
  • This quiz has been taken 24 times
    17 since last reset
  • The average score is 5 of 6
Answer Stats
Release Date Answer % Correct
March 25, 2024 Melt My Eyez See Your Future
94%
July 27, 2018 TA13OO
94%
March 9, 2016 Imperial
76%
May 31, 2019 ZUU
76%
March 6, 2026 Strictly 4 The Scythe
71%
September 3, 2013 Nostalgic 64
41%
No matching quizzes found
Score Distribution
Percent of People with Each Score
Percentile by Number Answered
Your Score History
You have not taken this quiz since the last reset